| Tag |
First Indicator |
Second Indicator |
Subfields |
| LEADER |
00000cam a2200000 a 4500 |
| 001 |
in00000026799 |
| 005 |
20151007054542.0 |
| 008 |
870817s1987 oncac b 00110aeng c |
| 010 |
|
|
|a cn 87094911
|
| 015 |
|
|
|a C87-94911-X
|
| 020 |
|
|
|a 0195405943 :
|c $45.00
|
| 035 |
|
|
|a (OCoLC)16871507
|
| 035 |
|
|
|9 AAB5460AM
|
| 040 |
|
|
|a CaOTU
|b eng
|c NLC
|d TXA
|d UtOrBLW
|
| 049 |
|
|
|a TXAM
|c [A11114526]
|
| 050 |
|
4 |
|a P92.5.M3
|b A4 1987
|
| 082 |
0 |
|
|a 001.5/092/4
|2 19
|
| 100 |
1 |
|
|a McLuhan, Marshall,
|d 1911-1980.
|
| 245 |
1 |
0 |
|a Letters of Marshall McLuhan /
|c selected and edited by Matie Molinaro, Corinne McLuhan, William Toye.
|
| 264 |
|
1 |
|a Toronto ;
|a New York :
|b Oxford University Press,
|c 1987.
|
| 300 |
|
|
|a xiii, 562 pages :
|b illustrations, portraits ;
|c 25 cm.
|
| 336 |
|
|
|a text
|b txt
|2 rdacontent
|
| 337 |
|
|
|a unmediated
|b n
|2 rdamedia
|
| 338 |
|
|
|a volume
|b nc
|2 rdacarrier
|
| 504 |
|
|
|a Includes bibliographical references and index.
|
| 600 |
1 |
0 |
|a McLuhan, Marshall,
|d 1911-1980
|x Correspondence.
|
| 700 |
1 |
|
|a Molinaro, Matie.
|
| 700 |
1 |
|
|a McLuhan, Corinne.
|
| 700 |
1 |
|
|a Toye, William,
|d 1926-
|
| 999 |
|
|
|a MARS
|
| 999 |
f |
f |
|s fd3f4687-f6f1-3342-8f2f-640aebfa51f6
|i fae7c88f-8db2-3f17-9b8e-16c7a1412bb0
|t 0
|
| 952 |
f |
f |
|p normal
|a Texas A&M University
|b College Station
|c Sterling C. Evans Library
|d Evans: Library Stacks
|t 0
|e P92.5.M3 A4 1987
|h Library of Congress classification
|i unmediated -- volume
|m A14811114526
|
| 998 |
f |
f |
|a P92.5.M3 A4 1987
|t 0
|l Evans: Library Stacks
|